| 000 | 00401nam a2200145Ia 4500 | ||
|---|---|---|---|
| 005 | 20250227011854.0 | ||
| 008 | 240331s9999 xx 000 0 und d | ||
| 082 |
_bSIN _24616 _a920 |
||
| 100 | _aSingaravelu, A | ||
| 245 | 0 | _aKarky | |
| 260 |
_aChennai _bSandhya Pathippagam _c2001 |
||
| 300 | _a136 p., | ||
| 500 | _aThe autobiography of Marsim Karky, who had an impact on Tamil Literature | ||
| 942 | _cL | ||
| 999 |
_c4287 _d4287 |
||